WOW worlds of wonder (Record no. 4523)

MARC details
000 -CABECERA
campo de control de longitud fija 03324cam a2200361 i 4500
001 - NÚMERO DE CONTROL
campo de control 8757935
003 - IDENTIFICADOR DEL NÚMERO DE CONTROL
campo de control CaAEU
005 - FECHA Y HORA DE LA ÚLTIMA TRANSACCIÓN
campo de control 20250311150104.0
008 - DATOS DE LONGITUD FIJA--INFORMACIÓN GENERAL
campo de control de longitud fija 170305t20182018ne a 001 0 eng c
020 ## - NÚMERO INTERNACIONAL ESTÁNDAR DEL LIBRO
Número Internacional Estándar del Libro 9789063694647
Información calificativa (paperback)
035 ## - NÚMERO DE CONTROL DEL SISTEMA
Número de control de sistema ocn974698462
040 ## - FUENTE DE LA CATALOGACIÓN
Centro catalogador/agencia de origen BTCTA
Lengua de catalogación eng
Normas de descripción rda
Centro/agencia transcriptor BTCTA
Centro/agencia modificador YDX
-- BDX
-- ERASA
-- NLHHG
-- OCLCQ
-- PIT
-- YDXIT
-- UBY
-- OCLCO
-- QGK
-- UAB
-- AEU
042 ## - CÓDIGO DE AUTENTICACIÓN
Código de autenticación pcc
050 #4 - SIGNATURA TOPOGRÁFICA DE LA BIBLIOTECA DEL CONGRESO
Número de clasificación NK1520
Número de documento/Ítem .B37 2018
100 ## - ENTRADA PRINCIPAL--NOMBRE DE PERSONA
Nombre de persona Bär, Erik,
Fechas asociadas al nombre 1969-
Término indicativo de función/relación author.
245 10 - MENCIÓN DE TÍTULO
Título WOW worlds of wonder
Resto del título : experience design for curious people
Mención de responsabilidad, etc. / Erik Bär & Stan Boshouwers ; English translations by Mark Hannay.
246 18 - FORMA VARIANTE DE TÍTULO
Título propio/Titulo breve Worlds of wonder
246 3# - FORMA VARIANTE DE TÍTULO
Título propio/Titulo breve Art of wonder
264 #1 - PRODUCCIÓN, PUBLICACIÓN, DISTRIBUCIÓN, FABRICACIÓN Y COPYRIGHT
Producción, publicación, distribución, fabricación y copyright Amsterdam, the Netherlands :
Nombre del de productor, editor, distribuidor, fabricante BIS Publishers,
Fecha de producción, publicación, distribución, fabricación o copyright [2018]
264 #4 - PRODUCCIÓN, PUBLICACIÓN, DISTRIBUCIÓN, FABRICACIÓN Y COPYRIGHT
Fecha de producción, publicación, distribución, fabricación o copyright ©2018
300 ## - DESCRIPCIÓN FÍSICA
Extensión 271 pages :
Otras características físicas illustrations (chiefly color) ;
Dimensiones 29 cm
500 ## - NOTA GENERAL
Nota general Includes index.
505 ## - NOTA DE CONTENIDO CON FORMATO
Nota de contenido con formato Part one — WHO — Introduces the authors and the major vantage point of the book: psychology. Experience design is defined as the design of immersive spaces so as to direct human experience. This space can be virtual (internet) or mental.<br/><br/>Part two — WHY — Explains why XD is growing so fast in different fields of communication. It connects experience design close to purpose of people and organizations.<br/><br/>Part three — WHAT — Proposes the main topics of experience design as a task.<br/><br/>Part four — HOW — Is a practical toolbox for experience designers and their clients. It contains TIPS & instruments for all major steps in the design.<br/><br/>Optional: part five — NOW — What is our collective mission, where is the real fun?
520 ## - SUMARIO, ETC.
Sumario, etc. "Experience Design, the enterprise of creating immersive worlds around people seems to be the biggest star in today's marketing firmament. No other medium is more promising in connecting people to stories, places and ideas. What is the story behind this movement? How did it evolve and what is the best way of navigating in this sector? In this revealing book, two pioneers reconstruct the past 25 years, showing how constructed experience came to be central in our lives. They arrive at an original conclusion: immersive experience design is not just the latest new media extension. It is related to our way of being, of finding our way in life. When used in the right way, it serves as an instrument for massive, multi agent change. 'The Art of Wonder' not only gives a thorough analysis of the psychological foundations of Experience Design and its rise into cultural and commercial realms, it also provides practical tips for how to build engaging worlds for your audiences. Larded with the light hearted history of their own XD-firm, one gets more than a feel for this way of work. From museums to theme parks and from A-brands to governments, Experience Design (XD) is paramount in today's creative industry. Imagination is becoming the ultimate canvas for connecting people to brands, stories, and places."
Fuente proveedora --From vendor.
650 #0 - PUNTO DE ACCESO ADICIONAL DE MATERIA--TÉRMINO DE MATERIA
Término de materia o nombre geográfico como elemento de entrada Design
Subdivisión general Human factors.
650 #0 - PUNTO DE ACCESO ADICIONAL DE MATERIA--TÉRMINO DE MATERIA
Término de materia o nombre geográfico como elemento de entrada Design
Subdivisión general Psychological aspects
9 (RLIN) 8900
650 #0 - PUNTO DE ACCESO ADICIONAL DE MATERIA--TÉRMINO DE MATERIA
Término de materia o nombre geográfico como elemento de entrada Interactive art
Subdivisión general Exhibitions
-- Design.
650 #0 - PUNTO DE ACCESO ADICIONAL DE MATERIA--TÉRMINO DE MATERIA
Término de materia o nombre geográfico como elemento de entrada Installations (Art)
Subdivisión general Exhibitions
-- Design.
650 #0 - PUNTO DE ACCESO ADICIONAL DE MATERIA--TÉRMINO DE MATERIA
Término de materia o nombre geográfico como elemento de entrada Amusement rides
Subdivisión general Design.
700 ## - ENTRADA AGREGADA--NOMBRE PERSONAL
Nombre de persona Boshouwers, Stan,
Fechas asociadas al nombre 1968-
Término indicativo de función/relación author.
700 1# - ENTRADA AGREGADA--NOMBRE PERSONAL
Nombre de persona Hannay, Mark,
Término indicativo de función/relación translator.
942 ## - ELEMENTOS DE ENTRADA AGREGADA (KOHA)
Fuente del sistema de clasificación o colocación Clasificación de Library of Congress
Holdings
Estado de retiro Estado de pérdida Fuente del sistema de clasificación o colocación Estado dañado No para préstamo Biblioteca de origen Biblioteca actual Fecha de adquisición Total de préstamos Signatura topográfica completa Código de barras Fecha visto por última vez Número de copia Precio válido a partir de Tipo de ítem Koha
    Clasificación de Library of Congress     TBS Barcelona TBS Barcelona 11/03/2025   NK1520 BAR B05934 11/03/2025 1 11/03/2025 Book

Powered by Koha